000 01412cam a2200349 a 4500
001 13346363
003 OSt
005 20160610134121.0
008 030917s2003 vaua b 001 0 eng
010 _a 2003020786
020 _a9780871208385 (pbk.)
040 _aDLC
_cDLC
_dDLC
043 _an-us---
050 0 0 _aLC 4091
_b.C56 2004
082 0 0 _aGLT 370.91
_bW67 2003
245 0 0 _aClosing the achievement gap :
_ba vision for changing beliefs and practices /
_cedited by Belinda Williams.
250 _a2nd ed.
260 _aAlexandria, Va. :
_bAssociation for Supervision and Curriculum Development,
_c2004.
300 _a207 p. :
_bill. ;
_c23 cm.
500 _aIncludes bibliographical references and index.
650 0 _aChildren with social disabilities
_xEducation
_zUnited States.
_922365
650 0 _aEducation, Urban
_xSocial aspects
_zUnited States.
_922366
650 0 _aAcademic achievement
_zUnited States.
_922367
650 0 _aEducational change
_zUnited States.
_922368
700 0 _aWilliams, Belinda.
_922369
710 2 _aAssociation for Supervision and Curriculum Development.
_9149
856 4 1 _3Table of contents
_uhttp://www.loc.gov/catdir/toc/ecip049/2003020786.html
906 _a7
_bcbc
_corignew
_d1
_eecip
_f20
_gy-gencatlg
942 _2lcc
_cBK
999 _c12494
_d12494